Wirtschaftsordnung und Wirtschaftsethik

Saved in:  
Bibliographic Details
Main Author: Oermann, Nils Ole 1973- (Author)
Format: Electronic Review
Language:German
Check availability: HBZ Gateway
Interlibrary Loan:Interlibrary Loan for the Fachinformationsdienste (Specialized Information Services in Germany)
Published: 2015
In: Theologische Literaturzeitung
Year: 2015, Volume: 140, Issue: 6, Pages: 688-689
Review of:Wirtschaftsordnung und Wirtschaftsethik (Paderborn : Schöningh, 2014) (Oermann, Nils Ole)
Ausgewählte Schriften ; 3: Wirtschaftsordnung und Wirtschaftsethik (Paderborn : Schöningh, 2014) (Oermann, Nils Ole)
Further subjects:B Book review
Online Access: Volltext (lizenzpflichtig)

MARC

LEADER 00000caa a22000002c 4500
001 1797991477
003 DE-627
005 20220408140543.0
007 cr uuu---uuuuu
008 220407s2015 xx |||||oo 00| ||ger c
035 |a (DE-627)1797991477 
035 |a (DE-599)KXP1797991477 
040 |a DE-627  |b ger  |c DE-627  |e rda 
041 |a ger 
084 |a 1  |2 ssgn 
100 1 |e VerfasserIn  |0 (DE-588)121631680  |0 (DE-627)081434014  |0 (DE-576)18182826X  |4 aut  |a Oermann, Nils Ole  |d 1973- 
109 |a Oermann, Nils Ole 1973-  |a Oermann, Nils O. 1973-  |a Oermann, Nils 1973-  |a Oermann, N. O. 1973-  |a Oermann, N. 1973- 
245 1 0 |a Wirtschaftsordnung und Wirtschaftsethik 
264 1 |c 2015 
336 |a Text  |b txt  |2 rdacontent 
337 |a Computermedien  |b c  |2 rdamedia 
338 |a Online-Ressource  |b cr  |2 rdacarrier 
601 |a Wirtschaftsordnung 
601 |a Wirtschaftsethik 
655 7 |a Rezension  |0 (DE-588)4049712-4  |0 (DE-627)106186019  |0 (DE-576)209083166  |2 gnd-content 
773 0 8 |i Enthalten in  |t Theologische Literaturzeitung  |d Leipzig : Evangelische Verl.-Anst., 1876  |g 140 (2015), Juni, Spalte 688-689  |h Online-Ressource  |w (DE-627)320517764  |w (DE-600)2014174-9  |w (DE-576)094449406  |x 0040-5671  |7 nnas 
773 1 8 |g volume:140  |g year:2015  |g number:6  |g pages:688-689 
787 0 8 |i Rezension von  |a Höffner, Joseph, 1906 - 1987  |t Wirtschaftsordnung und Wirtschaftsethik  |d Paderborn : Schöningh, 2014  |h 411 S.  |w (DE-627)1560343540  |w (DE-576)490343546  |z 9783506772848  |z 3506772848 
787 0 8 |i Rezension von  |a Höffner, Joseph, 1906 - 1987  |t Ausgewählte Schriften ; 3: Wirtschaftsordnung und Wirtschaftsethik  |d Paderborn : Schöningh, 2014  |h 411 S.  |w (DE-627)1468403966  |w (DE-576)398403961  |z 9783506772848  |z 3506772848 
856 4 0 |u http://www.thlz.com/artikel/18057  |x Verlag  |z lizenzpflichtig  |3 Volltext  |7 1 
935 |a mteo 
951 |a AR 
ELC |a 1 
ITA |a 1  |t 1 
LOK |0 000 xxxxxcx a22 zn 4500 
LOK |0 001 4112869975 
LOK |0 003 DE-627 
LOK |0 004 1797991477 
LOK |0 005 20220407053312 
LOK |0 008 220407||||||||||||||||ger||||||| 
LOK |0 035   |a (DE-Tue135)IxTheo#2022-04-04#F919F6B47ADC5F92CFC1DB0E9E964C6917FAE7CA 
LOK |0 040   |a DE-Tue135  |c DE-627  |d DE-Tue135 
LOK |0 092   |o n 
LOK |0 852   |a DE-Tue135 
LOK |0 852 1  |9 00 
LOK |0 935   |a ixzs  |a ixrk  |a zota 
LOK |0 939   |a 07-04-22  |b l01 
OAS |a 1  |b inherited from superior work 
ORI |a SA-MARC-ixtheoa001.raw